000 00671nam a2200265Ia 4500
005 20260121165844.0
008 008 260114s9999 xx 000 0 eng d
020 _a9789811063442
037 _aEBOOK
040 _aCRL
040 _beng
040 _cCRL
041 _2eng
041 _aeng
084 _qCRL
100 _aDilip Dutta
_91056869
245 0 _aDevelopment under Dualism and Digital Divide in Twenty-First Century India
260 _bSpringer
260 _bSpringer
260 _c2018
856 _uhttps://link.springer.com/openurl?genre=book&isbn=978-981-10-6344-2
942 _cEBOOK
999 _c1622597
_d1622597